00625cam a22001813a 450000100060000000300060000600500170001200800410002904000150007004200070008510000240009224501770011626000290029350600300032251600200035283000290037285600420040139534PGUSA20140828083858.0120425s2012||||xxu|||||s|||||000 | eng d aPGUSAbeng adc1 aSmith, James Edward10aTentamen Botanicum de Filicum Generibus Dorsiferarum :bMémoires de l'Académie Royale des Sciences de Turin vol. 5, 401-422h[electronic resource] /cJames Edward Smith bProject Gutenberg,c2012 aPublic domain in the USA. aElectronic text 0aProject Gutenbergv3953440uhttp://www.gutenberg.org/ebooks/39534